Výsledky zisťovania v priemyselných organizáciách za 3. štvrťrok 1997

Guardado en:
Detalles Bibliográficos
Formato: Libro
Lenguaje:eslovaco
inglés
Publicado: Bratislava Štatistický úrad Slovenskej republiky 1997
Colección:Štatistické čísla a grafy
Materias:
Etiquetas: Agregar Etiqueta
Sin Etiquetas, Sea el primero en etiquetar este registro!

MARC

LEADER 00000nam a2200000 4500
001 c021920
005 20260219095903.7
041 0 |a slo 
041 0 |a eng 
044 |a SK 
245 1 0 |a Výsledky zisťovania v priemyselných organizáciách za 3. štvrťrok 1997 
264 1 |a Bratislava  |b Štatistický úrad Slovenskej republiky  |c 1997 
300 |a 48 s. 
490 1 |a Štatistické čísla a grafy 
830 0 |a Štatistické čísla a grafy 
610 2 0 |a Slovensko 
610 2 0 |a priemysel 
610 2 0 |a podnik priemyselný 
610 2 0 |a majetok hmotný 
610 2 0 |a majetok nehmotný 
610 2 0 |a zásoby 
610 2 0 |a produkcia